Una gallega en México /

Uloženo v:
Podrobná bibliografie
Hlavní autor: Soler, Julián (realización)
Další autoři: Marshall, Niní (actuación) (actuación), Pardavé, Joaquín (actuación) (actuación), Negrete, Jorge (actuación) (actuación)
Médium: Video
Jazyk:španělština
Edice:(Grandes de Nuestro Cine)
Témata:
Tagy: Přidat tag
Žádné tagy, Buďte první, kdo vytvoří štítek k tomuto záznamu!

MARC

LEADER 00000ngm^a2200000^a^4500
001 000315421
005 20250521000000.0
009 20260310113242.905
037 |a Acervo ITESO - Biblioteca 
041 |a ESP 
082 |a 860.  |b SOL 
100 |a Soler, Julián  |e (realización) 
245 1 4 |a Una gallega en México /  |c Realización de J. Soler. 
264 2 |a México :  |b Zima Entertainment [distribución],  |c copyright fecha no identificada 
300 |a 1 DVD regiones 1 y 4  |c (102 min.) 
336 |a imagen móvil bidimensional  |b tdi  |2 rdacontenido 
337 |a video  |b v  |2 rdamedio 
338 |a videodisco  |b vd  |2 rdasoporte 
440 1 |a (Grandes de Nuestro Cine) 
649 |a XX 
650 |a Comedias Cinematográficas 
650 |a Cine Mexicano -  |y 1940-1949 
650 |a Cine Mexicano -  |y Siglo XX 
650 |a Cine en Blanco y Negro -  |z México 
650 |a Enamoramiento 
650 |a Relaciones de Pareja 
650 |a Interacción Social 
650 |a Mercados 
700 |a Marshall, Niní  |e (actuación) 
700 |a Pardavé, Joaquín  |e (actuación) 
700 |a Negrete, Jorge  |e (actuación) 
910 |a Fondo General 
920 |a Audiovisuales - DVDs 
940 |a Películas 
905 |a 302 
901 |a 0500211395  |b IT2  |c DVS  |i C129459  |u 20250521 
902 |a https://opac.biblio.iteso.mx/vufind/Record/000315421